The British Art Market: a winning global entrepot (Record no. 110856)

MARC details
000 -LEADER
fixed length control field 01171cad a22002175a 4500
001 - CONTROL NUMBER
control field L150408
008 - FIXED-LENGTH DATA ELEMENTS--GENERAL INFORMATION
fixed length control field 100708s20100701xxk f 000 0 eng d
035 ## - SYSTEM CONTROL NUMBER
System control number (Sirsi) u150408
041 0# - LANGUAGE CODE
Language code of text/sound track or separate title eng
110 2# - MAIN ENTRY--CORPORATE NAME
Corporate name or jurisdiction name as entry element Arts Economics
245 #4 - TITLE STATEMENT
Title The British Art Market: a winning global entrepot
Medium [electronic resource]
260 ## - PUBLICATION, DISTRIBUTION, ETC.
Place of publication, distribution, etc. London
Name of publisher, distributor, etc. British Art Market Federation
Date of publication, distribution, etc. 2010
505 2# - FORMATTED CONTENTS NOTE
Formatted contents note Foreword -- British art market in a gloval context -- economic impact -- threats to future competitiveness of British art market
520 ## - SUMMARY, ETC.
Summary, etc. Britain's art market in the global context highlighting the economic, fiscal and employment benefits. Auctions and dealer sales. Raises concern on the effect the extension of Artists Resale Directive (Droit de Suite) on 1 January 2012 to cover the work of deceased artists within the 70 year period of copyright will have on Britiain's competitiveness in the global market.
590 ## - LOCAL NOTE (RLIN)
Local note KA
650 24 - SUBJECT ADDED ENTRY--TOPICAL TERM
Topical term or geographic name entry element ARTISTS RESALE DIRECTIVE
651 #4 - SUBJECT ADDED ENTRY--GEOGRAPHIC NAME
Geographic name ENGLAND AND WALES
690 ## - LOCAL SUBJECT ADDED ENTRY--TOPICAL TERM (OCLC, RLIN)
Topical term or geographic name as entry element Arts and antiques
9 (RLIN) 6217
856 48 - ELECTRONIC LOCATION AND ACCESS
Uniform Resource Identifier <a href="https://www.lapada.org/public/The_British_art_Market.pdf">https://www.lapada.org/public/The_British_art_Market.pdf</a>
Public note View this item free of charge at www.lapada.org
942 ## - ADDED ENTRY ELEMENTS (KOHA)
Suppress in OPAC 0
Holdings
Withdrawn status Lost status Source of classification or shelving scheme Damaged status Not for loan Home library Current library Shelving location Date acquired Total Checkouts Full call number Barcode Date last seen Copy number Price effective from Koha item type
    Dewey Decimal Classification     Virtual Virtual Online 08/07/2010   ONLINE PUBLICATION 150408-2001 06/08/2019 1 06/08/2019 Book